Entry Personal Name
Number of records used in: 1
001 - CONTROL NUMBER
003 - CONTROL NUMBER IDENTIFIER
005 - DATE AND TIME OF LATEST TRANSACTION
- control field:
20230916104820.0
008 - FIXED-LENGTH DATA ELEMENTS
- fixed length control field:
201026n| azannaabn |n aaa
010 ## - LIBRARY OF CONGRESS CONTROL NUMBER
- LC control number:
n 2020060220
040 ## - CATALOGING SOURCE
- Original cataloging agency:
DLC
- Language of cataloging:
eng
- Description conventions:
rda
- Transcribing agency:
DLC
100 1# - HEADING--PERSONAL NAME
- Personal name:
Hull, Sarah
- Titles and other words associated with a name:
(Usborne children's author)
670 ## - SOURCE DATA FOUND
- Source citation:
How art works, 2020:
- Information found:
title page (Sarah Hull)